| 000 | 00890nam a2200277 i 4500 | ||
|---|---|---|---|
| 003 | DO-SdBNP | ||
| 005 | 20240704154113.0 | ||
| 008 | 240704b2023 dr ||||| |||| 00| 0 spa d | ||
| 020 | _a9789945648652 | ||
| 040 |
_aDO-SdBNP _bspa _cBNPHU _erda |
||
| 082 | 4 | _222 | |
| 100 | 1 |
_aMorla, Iván, _926590 _eautor |
|
| 245 | 1 | 0 |
_aLuces del paraje : _bcuentos / _cIván Morla ; prólogo, María A. Guilamo |
| 264 |
_aSanto Domingo : _bSantuario, _c2023. |
||
| 300 |
_a101 páginas ; _c23 cm |
||
| 336 |
_2rdacontent _atexto _btxt |
||
| 337 |
_2rdamedia _asin mediación _bn |
||
| 338 |
_2rdacarrier _avolumen _bnc |
||
| 500 | _aIncluye datos biográficos del autor en las solapas | ||
| 590 | _aInventariado, 2024/BT | ||
| 650 | 4 |
_aEnsayos dominicanos _965 |
|
| 650 | 4 |
_aLiteratura dominicana _978146 |
|
| 700 |
_aGuilamo, María A., _eprólogo _985961 |
||
| 910 | _aBtavárez | ||
| 942 |
_2ddc _cLBS1 |
||
| 999 |
_c57181 _d57181 |
||